Programming for digital computers / (Record no. 176482)

000 -LEADER
fixed length control field 00688 a2200181 4500
003 - CONTROL NUMBER IDENTIFIER
control field NUST
005 - DATE AND TIME OF LATEST TRANSACTION
control field 20230529152852.0
020 ## - INTERNATIONAL STANDARD BOOK NUMBER
International Standard Book Number 5811177
040 ## - CATALOGING SOURCE
Transcribing agency Nust
082 ## - DEWEY DECIMAL CLASSIFICATION NUMBER
Classification number 005.1,JEE
100 ## - MAIN ENTRY--PERSONAL NAME
Personal name Jeenel,Joachim
9 (RLIN) 112798
245 ## - TITLE STATEMENT
Title Programming for digital computers /
Statement of responsibility, etc. Joachim Jeenel
260 ## - PUBLICATION, DISTRIBUTION, ETC.
Place of publication, distribution, etc. NY
Name of publisher, distributor, etc. Mc Graw Hill
Date of publication, distribution, etc. 1959
300 ## - PHYSICAL DESCRIPTION
Extent 517p.;
505 ## - FORMATTED CONTENTS NOTE
Formatted contents note Introduction (Page-1), Stored Program Calculators (Page-6), Programs (Page-64), Programs: Storage And Input Output (Page-248), Problem Preparation (Page-287), Languages (Page-332), Operating, Testing And Checking (Page-373), Problem Planning (Page-404).
650 ## - SUBJECT ADDED ENTRY--TOPICAL TERM
Topical term or geographic name entry element DIgital Computer
9 (RLIN) 25766
942 ## - ADDED ENTRY ELEMENTS (KOHA)
Source of classification or shelving scheme
Koha item type Book
Call number prefix 005.1,JEE
Holdings
Withdrawn status Lost status Source of classification or shelving scheme Damaged status Not for loan Permanent Location Current Location Shelving location Date acquired Full call number Barcode Date last seen Price effective from Koha item type Public note
          Military College of Signals (MCS) Military College of Signals (MCS) General Stacks 12/12/2016 005.1,JEE MCS64 12/08/2016 12/12/2016 Book Almirah No.80, Shelf No.1
© 2023 Central Library, National University of Sciences and Technology. All Rights Reserved.